| 000 | 00350cam a2200145ua 4500 | ||
|---|---|---|---|
| 041 |
_aeng _h |
||
| 082 |
_a829.09 _bHUD/SH |
||
| 100 | _aHudson, A.K . | ||
| 245 |
_aShakespeare and classroom / _cHudson A.K. _hTextual Documents |
||
| 260 |
_aLondon : _bHeinemann , _c1963. |
||
| 300 | _a112 ; . | ||
| 504 | _a | ||
| 942 | _cBK | ||
| 999 |
_c12373 _d12373 |
||